Στατιστικές περιβάλλοντος Environmental statistics
Αποθηκεύτηκε σε:
| Συγγραφή απο Οργανισμό/Αρχή: | |
|---|---|
| Μορφή: | Περιοδική έκδοση |
| Γλώσσα: | Greek English |
| Δημοσίευση: |
Αθήνα :
Εθνική Στατιστική Υπηρεσία της Ελλάδος,
1984-
|
| Σειρά: | Ε-Οικοδόμηση, οικισμός
|
| Θέματα: | |
| Διαθέσιμο Online: | Διάθεση ΕΛΣΤΑΤ: |
| Ετικέτες: |
Προσθήκη ετικέτας
Δεν υπάρχουν, Καταχωρήστε ετικέτα πρώτοι!
|
MARC
| LEADER | 00000nas a2200000 i 4500 | ||
|---|---|---|---|
| 001 | 1/56242 | ||
| 008 | 040527u19849999gr ar rss 0 |gre|| | ||
| 022 | |a 1106-1553 | ||
| 035 | |l 10073568 | ||
| 040 | |a GR-MY-UA |b gre |e aacr | ||
| 041 | 0 | |a gre |a eng | |
| 082 | 0 | |a 363.7309495 | |
| 110 | 2 | |a Εθνική Στατιστική Υπηρεσία της Ελλάδος. | |
| 245 | 1 | 0 | |a Στατιστικές περιβάλλοντος |h [περιοδικό] = |b Environmental statistics / |c Εθνική Στατιστική Υπηρεσία της Ελλάδος. |
| 246 | 2 | |a Environmental statistics |h [περιοδικό] | |
| 260 | |a Αθήνα : |b Εθνική Στατιστική Υπηρεσία της Ελλάδος, |c 1984- | ||
| 300 | |a τ. : |b πίν., διαγρ. ; |c 28 εκ. | ||
| 310 | |a Ετήσιο | ||
| 490 | 1 | |a (E-Οικοδόμηση, οικισμός, περιβάλλον) | |
| 650 | 0 | 0 | |a Pollution |z Greece |x Statistics |x Periodicals. |
| 650 | 0 | 0 | |a Natural resources |z Greece |x Statistics |x Periodicals. |
| 830 | 0 | |a Ε-Οικοδόμηση, οικισμός | |
| 853 | |a INST |b CHIOS |c SER |h 363.7309495 | ||
| 853 | |a INST |b LESVOS |c SER |h 363.7309495 | ||
| 856 | |z Διάθεση ΕΛΣΤΑΤ: |u http://dlib.statistics.gr/portal/page/portal/ESYE/complexsearch | ||
| 901 | |a BIBL2-2004-2 | ||
| 901 | |a BIBL1-2006-1 | ||
| 920 | |a ΕΘΝΙΚΗ ΣΤΑΤΙΣΤΙΚΗ ΥΠΗΡΕΣΙΑ ΕΛΛΑΔΟΣ (ΕΣΥΕ) |y Χίος |z 1991-02 | ||
| 920 | |a ΕΘΝΙΚΗ ΣΤΑΤΙΣΤΙΚΗ ΥΠΗΡΕΣΙΑ ΕΛΛΑΔΟΣ (ΕΣΥΕ) |y Λέσβος | ||
| 970 | |a ΠΟΥΛΑΚΗ |b ΠΑΝΩΡΑΙΑ |z 2004/05/27 | ||